000 00377nam a2200145Ia 4500
008 230917s9999||||xx |||||||||||||| ||und||
040 _e127377
_aMAIN
041 _aEnglish
082 _a658.8 IC2F
100 _aICFAI Centre for management research
245 0 _aFundamental of marketing management
260 _aHyderabad
_bICFAI
_c2004
300 _a260p p.
942 _cBK
999 _c147888
_d147888